Quran hakeem : (Record no. 194066)

000 -LEADER
fixed length control field 00445 a2200169 4500
003 - CONTROL NUMBER IDENTIFIER
control field NUST
005 - DATE AND TIME OF LATEST TRANSACTION
control field 20221209173522.0
028 ## - PUBLISHER NUMBER
Publisher number 297.124
040 ## - CATALOGING SOURCE
Transcribing agency Nust
082 ## - DEWEY DECIMAL CLASSIFICATION NUMBER
Classification number 297.1227,ZAH
100 ## - MAIN ENTRY--PERSONAL NAME
Personal name Zahid , Shakil
9 (RLIN) 104577
245 ## - TITLE STATEMENT
Title Quran hakeem :
Remainder of title Asam tarjuma aur tafseer (Jild-3) /
Statement of responsibility, etc. Shakil Zahid
250 ## - EDITION STATEMENT
Edition statement jeld .3
260 ## - PUBLICATION, DISTRIBUTION, ETC.
Place of publication, distribution, etc. Lahore , pakistan
Name of publisher, distributor, etc. Adara Quran hakeem
Date of publication, distribution, etc. 2011
300 ## - PHYSICAL DESCRIPTION
Extent 191p.;
942 ## - ADDED ENTRY ELEMENTS (KOHA)
Source of classification or shelving scheme
Koha item type Book
Call number prefix 297.1227,ZAH
Holdings
Withdrawn status Lost status Source of classification or shelving scheme Damaged status Not for loan Permanent Location Current Location Shelving location Date acquired Total Checkouts Full call number Barcode Date last seen Date last checked out Price effective from Koha item type Public note
          Military College of Signals (MCS) Military College of Signals (MCS) General Stacks 12/12/2016 1 297.1227,ZAH MCS35017 07/21/2023 07/19/2023 12/12/2016 Book Almirah No.48, Shelf No.3
© 2023 Central Library, National University of Sciences and Technology. All Rights Reserved.